Early geophysical papers of the Society of Exploration Geophysicists /

Bibliographic Details
Corporate Author: Society of Exploration Geophysicists
Format: Book
Language:English
Published: Tulsa, [publisher not identified] ; 1947.
Subjects:

MARC

Tag First Indicator Second Indicator Subfields
LEADER 00000cam a2200000 4500
001 in00000301331
005 20151010145810.0
008 730115r1947 okuab b 00010 eng
010 |a  47005827  
035 |a (OCoLC)00537433 
035 |9 ABH7893AM 
040 |a DLC  |c WSU  |d OCL  |d TXA  |d UtOrBLW 
049 |a TXAM  |c 1 [380462]  |c 2 [151676] 
050 0 0 |a QC801  |b .S86 
082 0 |a 551.06273 
110 2 |a Society of Exploration Geophysicists. 
245 1 0 |a Early geophysical papers of the Society of Exploration Geophysicists /  |c Papers presented at meetings of the Society of Petroleum Geophysicists, 1929 through 1935, reprinted from Physics and Bulletin of the American Association of Petroleum Geologists, and Journal of the Society of Petroleum Geophysicists. 
264 1 |a Tulsa,  |b [publisher not identified] ;  |c 1947. 
300 |a iv, 844 pages :  |b illustrations, maps, diagrams ;  |c 24 cm. 
336 |a text  |b txt  |2 rdacontent 
337 |a unmediated  |b n  |2 rdamedia 
338 |a volume  |b nc  |2 rdacarrier 
504 |a Includes bibliographies. 
650 0 |a Geophysics. 
999 |a MARS 
999 f f |s 7e43476c-4604-3674-b796-19e6df7071bf  |i 3bf22230-0f4a-3a67-9c69-2583c9810635  |t 0 
952 f f |p ric  |a Texas A&M University  |b Rellis Campus  |c Joint Library Facility  |s JLF  |d Remote Storage  |t 0  |e QC801 .S86  |h Library of Congress classification  |i unmediated -- volume  |m A14804655278 
998 f f |a QC801 .S86  |t 0  |l Remote Storage